书目信息 |
| 题名: |
新编焊接工实用手册
|
|
| 作者: | 孙敬涛 主编 | |
| 分册: | ||
| 出版信息: | 北京 中国戏剧出版社 2007 |
|
| 页数: | 468页 | |
| 开本: | 21cm | |
| 丛书名: | 现代工艺丛书 | |
| 单 册: | ||
| 中图分类: | TG44-62 | |
| 科图分类: | ||
| 主题词: | 焊接工艺--技术手册 | |
| 电子资源: | ||
| ISBN: | 978-7-104-02565-8 | |
| 000 | 00880nam 2200253 45 | |
| 001 | 200805000345 | |
| 005 | 19990528085919.0 | |
| 010 | @a978-7-104-02565-8@dCNY29.80 | |
| 100 | @a19990507d2007 em y0chiy0120 ea | |
| 101 | 0 | @achi |
| 102 | @aCN@b110000 | |
| 105 | @ay z 000yy | |
| 106 | @ar | |
| 200 | 1 | @a新编焊接工实用手册@AXin Bian Han Jie Gong Shi Yong Shou Ce@f孙敬涛主编@FSun Jing Tao Zhu Bian |
| 210 | @a北京@c中国戏剧出版社@d2007 | |
| 215 | @a468页@d21cm | |
| 225 | 2 | @a现代工艺丛书 |
| 330 | @a本书在介绍焊接基础知识和焊接材料的基础上,较全面、系统的介绍了焊接生产中的各种实用技术;内容新颖、科学实用,其中有许多是国内外生产中的先进焊接技术、焊接设备和焊接工艺。 | |
| 410 | 0 | @12001 @a现代工艺丛书 |
| 606 | @a焊接工艺@x技术手册 | |
| 690 | @aTG44-62@v4 | |
| 701 | 0 | @a孙敬涛@ASun Jing Tao@4主编 |
| 801 | 0 | @aCN@c19990528 |
| 905 | @b20654158-60@dTG44-62@eS920 | |
| 新编焊接工实用手册/孙敬涛主编.-北京:中国戏剧出版社,2007 |
| 468页;21cm.-(现代工艺丛书) |
| ISBN 978-7-104-02565-8:CNY29.80 |
| 本书在介绍焊接基础知识和焊接材料的基础上,较全面、系统的介绍了焊接生产中的各种实用技术;内容新颖、科学实用,其中有许多是国内外生产中的先进焊接技术、焊接设备和焊接工艺。 |
| ● |
| 相关链接 |
|
|
|
正题名:新编焊接工实用手册
索取号:TG44-62/S920
 
预约/预借
| 序号 | 登录号 | 条形码 | 馆藏地/架位号 | 状态 | 备注 |
| 1 | 654158 | 206541580 | 自科库501/501自科库 26排4列4层/ [索取号:TG44-62/S920] | 在馆 | |
| 2 | 654159 | 206541599 | 自科二线400A/400A自科库 25排2列4层/ [索取号:TG44-62/S920] | 在馆 | |
| 3 | 654160 | 206541606 | 期刊室512/501自科库 26排4列4层/ [索取号:TG44-62/S920] | 在馆 |